000
00284nam a2200121Ia 4500
008
220216s9999 xx 000 0 und d
100
_a
Tiyo
245
0
_a
High stocks pare down rubber price
260
_b
Rubber Asia
_c
2002
300
_a
58-62
650
_a
Rubber price
942
_c
JS
999
_c
60403
_d
60403